Shared Country Highpoints - Statistics

General Stats
  • This quiz has been taken 17 times
  • The average score is 8 of 15
Answer Stats
Height (m) Answers % Correct
8849 Nepal
100%
8849 China
91%
4806 France
91%
4806 Italy
91%
4806 Mont Blanc
91%
8849 Mount Everest
91%
5109 D. R. Congo
55%
5109 Uganda
55%
5109 Mount Stanley
36%
2764 Albania
9%
1752 Guinea
9%
1752 Ivory Coast
9%
2764 Korab
9%
1752 Mount Richard-Molard
9%
2764 North Macedonia
9%
No matching quizzes found
Score Distribution
Percent of People with Each Score
Percentile by Number Answered
Your Score History
You have not taken this quiz